000 00378nam a2200157Ia 4500
008 230718s9999 xx 000 0 und d
041 _aeng
082 _a512
_bBIR
100 _aBirkhoff G.
245 _aModern Applied Algbra
260 _c1999
_bCBS
300 _a431
365 _cRs.
_b120.00
700 _aBirkhoff G. & Bartee T.C.
906 _dB:44103-Oct-2001
_cMATHS
999 _c302254
_d302254